| 000 | 00354nam a22001457a 4500 | ||
|---|---|---|---|
| 008 | 241127b |||||||| |||| 00| 0 eng d | ||
| 020 | _a0333693442 | ||
| 050 |
_aPE 1127.L47 _b.A27 |
||
| 100 | _aAarts Bas | ||
| 245 | _aEnglish Syntax and Argumentation | ||
| 250 | _a3th | ||
| 260 |
_aEngland _bPalgrave Mqcmillian _c2008 |
||
| 300 | _a323 | ||
| 942 | _cBK | ||
| 999 |
_c1826 _d1826 |
||